| 000 | 00354nam a2200145Ia 4500 | ||
|---|---|---|---|
| 008 | 230917s9999||||xx |||||||||||||| ||und|| | ||
| 040 |
_e111116 _aMAIN |
||
| 041 | _aEnglish | ||
| 082 | _a157.9 H349H | ||
| 100 | _aRajbir Singh, ed. | ||
| 245 | 0 | _aHealth Psychology | |
| 260 |
_aNew Delhi _bGlobal Vision _c2005 |
||
| 300 | _axvi p. ; 420 | ||
| 942 | _cBK | ||
| 999 |
_c130772 _d130772 |
||